00495nam a2200157Ia 4500003000900000008004100009020001800050040001600068080001700084100002200101245010500123260003200228300001600260650004100276650002000317IN-BaIIA211028s9999 xx 000 0 eng d a0-07-040641-3 cIIA Library a517.949bMAR aMartin, Harold C. 0aIntroduction to finite element analysiscHarold C.Martin  aNew YorkbMcGraw-Hillc1973 axiii, 386p. aAstronomy and Astrophysics Thesaurus aFinite elements